[Event "Elit(Manhem-Linkoping)"]
[Site "?"]
[Date "2006.??.??"]
[Round "7"]
[White "Hultin, Johan"]
[Black "Carlsson, Ingvar"]
[Result "1-0"]
[WhiteElo "2296"]
[BlackElo "2045"]
[PlyCount "52"]
[EventDate "2006.??.??"]

1. d4 f5 2. Nc3 Nf6 3. Bg5 d5 4. Bxf6 exf6 5. e3 c6 6. Bd3 Bd6 7. Qf3 g6 8. h3
Be6 9. g4 fxg4 10. hxg4 Bf7 11. Nge2 Nd7 12. Nf4 Nf8 13. O-O-O Qa5 14. Nh5
O-O-O 15. Qxf6 gxh5 16. Qxh8 Bb4 17. Bf5+ Be6 18. Qf6 Bxf5 19. Qxf5+ Nd7 20.
Rxh5 Bxc3 21. bxc3 Rf8 22. Qe6 Rxf2 23. Rxh7 Rxc2+ 24. Kxc2 Qxa2+ 25. Kd3 Qc4+
26. Kd2 Qa2+ 1-0

[Event "Elit(Kamraterna-Lulea)"]
[Site "?"]
[Date "2006.??.??"]
[Round "7"]
[White "Astrom, Robert"]
[Black "Svenn, Gosta"]
[Result "1-0"]
[WhiteElo "2497"]
[BlackElo "2385"]
[PlyCount "95"]
[EventDate "2006.??.??"]

1. d4 d5 2. c4 e6 3. Nc3 Be7 4. Nf3 Nf6 5. Bf4 O-O 6. e3 c5 7. dxc5 Nc6 8. a3
Bxc5 9. Qc2 Qa5 10. Nd2 Be7 11. Bg3 d4 12. Nb3 Qb6 13. Nxd4 Nxd4 14. exd4 Qxd4
15. Bd3 Qb6 16. b4 Qc6 17. O-O b6 18. Ne4 Bb7 19. b5 Qe8 20. Nd6 Qd7 21. Rfd1
Bxd6 22. Bxd6 Rfd8 23. Be5 Qe7 24. Bxf6 Qxf6 25. Bxh7+ Kh8 26. Be4 Bxe4 27.
Qxe4 Rac8 28. g3 Rc7 29. Rac1 g6 30. Rxd8+ Qxd8 31. Qe5+ Kg8 32. c5 bxc5 33.
Rxc5 Qd1+ 34. Kg2 Rxc5 35. Qxc5 Qa4 36. h4 Qe4+ 37. Kh2 Qa4 38. Qb4 Qc2 39. Kg2
e5 40. Qd6 Qe4+ 41. Kh2 Kg7 42. Qc5 Qe2 43. a4 Kf6 44. Qxa7 Qa2 45. a5 Kf5 46.
a6 Ke4 47. Kg2 f5 48. Qb7+ 1-0

[Event "Elit(Kamraterna-Lulea)"]
[Site "?"]
[Date "2006.??.??"]
[Round "7"]
[White "Svensson, Bengt"]
[Black "Larsson, Anders"]
[Result "1-0"]
[WhiteElo "2463"]
[BlackElo "2394"]
[PlyCount "85"]
[EventDate "2006.??.??"]

1. e4 e6 2. d4 d5 3. Nc3 Bb4 4. e5 Ne7 5. a3 Bxc3+ 6. bxc3 b6 7. Qg4 Ng6 8. h4
h5 9. Qd1 Ba6 10. Bxa6 Nxa6 11. Bg5 Qd7 12. Ne2 c5 13. O-O Rc8 14. Ng3 cxd4 15.
cxd4 Qa4 16. Nxh5 Kf8 17. Nxg7 Nxh4 18. Qg4 Ng6 19. Bf6 Rh7 20. Nxe6+ fxe6 21.
Qxg6 Qxc2 22. Qg5 Qf5 23. Rac1 Rxc1 24. Rxc1 Qxg5 25. Rc8+ Kf7 26. Bxg5 Kg6 27.
Be3 Rc7 28. Re8 Kf7 29. Ra8 Rb7 30. Rh8 Kg7 31. Re8 Kf7 32. Rh8 Kg7 33. Rd8 Kf7
34. g4 Nb8 35. f4 Nc6 36. Rd6 Ne7 37. f5 exf5 38. gxf5 Rc7 39. Bg5 Rc3 40. e6+
Ke8 41. f6 Rg3+ 42. Kf2 Rxg5 43. f7+ 1-0

[Event "Elit(Kamraterna-Lulea)"]
[Site "?"]
[Date "2006.??.??"]
[Round "7"]
[White "Marklund, Nicklas"]
[Black "Svenn, Matti"]
[Result "1-0"]
[WhiteElo "2267"]
[BlackElo "2290"]
[PlyCount "119"]
[EventDate "2006.??.??"]

1. d4 Nf6 2. c4 e6 3. Nf3 Bb4+ 4. Nbd2 O-O 5. a3 Bxd2+ 6. Bxd2 d6 7. g3 Re8 8.
Bg2 e5 9. dxe5 dxe5 10. Bc3 Qxd1+ 11. Rxd1 Nc6 12. Ng5 Bf5 13. b4 h6 14. Nf3
Ne4 15. Bb2 Nd6 16. Nd2 a5 17. c5 Nb5 18. a4 Nbd4 19. b5 Nb4 20. Bxb7 Rad8 21.
f3 Bc2 22. Ra1 Bd3 23. Bxd4 exd4 24. Ne4 Nc2+ 25. Kd2 Bxe4 26. Bxe4 Nxa1 27.
Rxa1 Kf8 28. Rc1 Re6 29. Rc4 g6 30. g4 Re5 31. Bb7 Re6 32. b6 c6 33. Ke1 Ke7
34. Ba6 Re3 35. Kf2 Rb3 36. Bb7 Rb4 37. Rxb4 axb4 38. Bxc6 d3 39. exd3 b3 40.
d4 Rxd4 41. b7 Rb4 42. Bb5 Rxb5 43. axb5 b2 44. b8=Q b1=Q 45. Qe5+ Kf8 46. Qe2
Qb4 47. c6 Qc5+ 48. Kg2 h5 49. h3 h4 50. Qd3 g5 51. Kf1 Qc1+ 52. Ke2 Kg7 53.
Qd5 Qc2+ 54. Ke3 f6 55. Kd4 Kh6 56. Qf5 Qb2+ 57. Kc5 Qf2+ 58. Kd6 Qh2+ 59. Kd7
Qd2+ 60. Kc7 1-0

[Event "Elit(Kamraterna-Lulea)"]
[Site "?"]
[Date "2006.??.??"]
[Round "7"]
[White "Haggstrom, Olle"]
[Black "Engstrom, Kaj"]
[Result "1/2-1/2"]
[WhiteElo "2263"]
[BlackElo "2206"]
[PlyCount "112"]
[EventDate "2006.??.??"]

1. d4 d5 2. c4 e6 3. Nc3 Nf6 4. cxd5 exd5 5. Bg5 c6 6. e3 Bf5 7. Qf3 Be6 8.
Bxf6 Qxf6 9. Qxf6 gxf6 10. Bd3 c5 11. dxc5 Bxc5 12. Nge2 Nc6 13. O-O a6 14. Nf4
d4 15. Ne4 Be7 16. Nxe6 fxe6 17. Bc4 Kf7 18. Rac1 Rhd8 19. exd4 Nxd4 20. Rfe1
Rac8 21. Kf1 f5 22. Ng3 Bg5 23. Bxe6+ Nxe6 24. Rxc8 Rxc8 25. Nxf5 Rd8 26. h4
Rd5 27. g4 Bf4 28. Re4 b5 29. a4 Bc1 30. axb5 axb5 31. Ne3 Bxe3 32. Rxe3 Rd4
33. f3 Rb4 34. Re2 Nc5 35. Rc2 Nd3 36. Rc7+ Ke6 37. Ke2 Ne5 38. Rxh7 Rxb2+ 39.
Ke3 Rb3+ 40. Ke4 Rb4+ 41. Ke3 Rb3+ 42. Ke4 Nxf3 43. Rh6+ Kf7 44. Kd5 Rb1 45.
Rb6 b4 46. Kc4 Ne5+ 47. Kd4 b3 48. Kxe5 b2 49. Rb7+ Ke8 50. Rb8+ Kd7 51. Rb7+
Kc6 52. Rb3 Re1+ 53. Kf6 b1=Q 54. Rxb1 Rxb1 55. h5 Kd5 56. h6 Rb6+ 1/2-1/2

[Event "Elit(Kamraterna-Lulea)"]
[Site "?"]
[Date "2006.??.??"]
[Round "7"]
[White "Almstrom, Martin"]
[Black "Hamark, Jesper"]
[Result "1/2-1/2"]
[WhiteElo "2245"]
[BlackElo "2304"]
[PlyCount "42"]
[EventDate "2006.??.??"]

1. d4 d5 2. Nf3 Nf6 3. c4 e6 4. Bg5 Nbd7 5. e3 c6 6. Nc3 Qa5 7. cxd5 Nxd5 8.
Rc1 Nxc3 9. bxc3 Qxa2 10. Bd3 Qa5 11. O-O f6 12. Bf4 Be7 13. Nd2 O-O 14. Nc4
Qd8 15. Qg4 Rf7 16. Qg3 e5 17. dxe5 fxe5 18. Bxe5 Nc5 19. Rcd1 Nxd3 20. e4 Be6
21. Rxd3 Qe8 1/2-1/2

[Event "Elit(Kamraterna-Lulea)"]
[Site "?"]
[Date "2006.??.??"]
[Round "7"]
[White "Madebrink, Lars"]
[Black "Pettersson, Tobias"]
[Result "1/2-1/2"]
[WhiteElo "2220"]
[BlackElo "2147"]
[PlyCount "53"]
[EventDate "2006.??.??"]

1. d4 d6 2. c4 g6 3. Nc3 Bg7 4. g3 Nf6 5. Bg2 O-O 6. Nf3 Nc6 7. O-O Bf5 8. d5
Na5 9. Nd4 Bd7 10. b3 c5 11. dxc6 Nxc6 12. e3 Rb8 13. Bb2 Ne8 14. Nd5 Nc7 15.
Qd2 Nxd4 16. Bxd4 Nxd5 17. Bxd5 Bxd4 18. exd4 Bc6 19. Bxc6 bxc6 20. Rfe1 e6 21.
d5 exd5 22. cxd5 c5 23. Re4 Qd7 24. Rae1 Rfe8 25. Qf4 Rxe4 26. Rxe4 Kg7 27. h4
1/2-1/2

[Event "Elit(Kamraterna-Lulea)"]
[Site "?"]
[Date "2006.??.??"]
[Round "7"]
[White "Bryngelsson, Johan"]
[Black "Borvander, Tom"]
[Result "1/2-1/2"]
[WhiteElo "2152"]
[BlackElo "2238"]
[PlyCount "84"]
[EventDate "2006.??.??"]

1. Nc3 Nf6 2. d4 d5 3. Bg5 Nbd7 4. e3 e6 5. Nce2 Be7 6. Ng3 h6 7. Bxf6 Nxf6 8.
c3 c5 9. Nf3 Qb6 10. Qd2 Bd7 11. a4 Bc6 12. Bd3 O-O 13. O-O Ne4 14. Qc2 f5 15.
Ne5 Be8 16. f4 Bd6 17. Nxe4 fxe4 18. Be2 cxd4 19. exd4 Bxe5 20. fxe5 Bg6 21.
Rxf8+ Rxf8 22. Rf1 Rxf1+ 23. Kxf1 Bf5 24. b4 Qd8 25. Qd2 Qh4 26. h3 Qg3 27. Qe1
Qe3 28. Bd1 Qg5 29. g4 Bg6 30. h4 Qf4+ 31. Qf2 Qc1 32. Qc2 Qe3 33. h5 Be8 34.
Kg2 g6 35. hxg6 Bxg6 36. Kf1 Kg7 37. Qf2 Qg5 38. Kg2 b6 39. Kg3 Qe7 40. Qf4 Kh7
41. Qf6 Qc7 42. Kh4 Qxc3 1/2-1/2

[Event "Elit(Kamraterna-Lulea)"]
[Site "?"]
[Date "2006.??.??"]
[Round "7"]
[White "Wengholm, Anders"]
[Black "Pousette, Gunnar"]
[Result "1/2-1/2"]
[WhiteElo "2261"]
[BlackElo "2134"]
[PlyCount "95"]
[EventDate "2006.??.??"]

1. Nf3 c5 2. c4 Nc6 3. d4 cxd4 4. Nxd4 g6 5. e4 Bg7 6. Be3 Nf6 7. Nc3 O-O 8.
Be2 d6 9. O-O Bd7 10. Qd2 Re8 11. f3 Nxd4 12. Bxd4 Bc6 13. Rab1 a5 14. b3 Nd7
15. Be3 Nc5 16. Rfc1 Qc8 17. a3 a4 18. Bxc5 dxc5 19. b4 cxb4 20. axb4 Rd8 21.
Qc2 a3 22. Kh1 a2 23. Ra1 Ra3 24. Qb2 Qa8 25. h3 Bh6 26. Rc2 Ba4 27. Qxa3 Bxc2
28. Qxa2 Qxa2 29. Rxa2 Bd3 30. b5 e6 31. Kg1 Bxe2 32. Nxe2 Be3+ 33. Kh2 b6 34.
g3 Rd1 35. Kg2 Kg7 36. e5 h5 37. Rc2 g5 38. f4 g4 39. hxg4 hxg4 40. Nc3 Rg1+
41. Kh2 Rf1 42. Ne4 Kg6 43. Re2 Bd4 44. Rd2 Be3 45. Rd8 Kg7 46. Kg2 Rg1+ 47.
Kh2 Rf1 48. Kg2 1/2-1/2

[Event "Elit(LASK-Eksjo)"]
[Site "?"]
[Date "2006.??.??"]
[Round "7"]
[White "Gdanski, Jacek"]
[Black "Olsson, Linus"]
[Result "1-0"]
[WhiteElo "2606"]
[BlackElo "2424"]
[PlyCount "99"]
[EventDate "2006.??.??"]

1. e4 g6 2. d4 Nf6 3. e5 Nh5 4. Nc3 d5 5. Be3 Ng7 6. f4 h5 7. Qd2 Bf5 8. Nf3 e6
9. g3 c6 10. h3 Qa5 11. Rg1 b5 12. g4 hxg4 13. hxg4 b4 14. Nd1 Be4 15. Ng5 Nd7
16. Nf2 f5 17. exf6 Nxf6 18. Nfxe4 Nxe4 19. Nxe4 dxe4 20. Bc4 O-O-O 21. Qg2 b3+
22. c3 Bb4 23. Qd2 Be7 24. Bxb3 Rh3 25. O-O-O g5 26. Kb1 Rf8 27. Rh1 Rg3 28.
Rh7 gxf4 29. Bxf4 Rxg4 30. Be5 Bf6 31. Qe2 Rg5 32. Rf1 Rxe5 33. dxe5 Qxe5 34.
Re1 Kc7 35. Qxe4 Qxe4+ 36. Rxe4 Kd6 37. Rf4 Ke5 38. Ra4 Rf7 39. Ra6 Rc7 40. Kc2
Kd6 41. Kd3 Bg5 42. Ba4 Bf6 43. b4 Kd5 44. c4+ Kd6 45. Ke4 Bc3 46. c5+ Kd7 47.
Kd3 Bf6 48. Kc4 Be5 49. Rh3 Nf5 50. Rd3+ 1-0

[Event "Elit(LASK-Eksjo)"]
[Site "?"]
[Date "2006.??.??"]
[Round "7"]
[White "Niklasson, Christer"]
[Black "Schussler, Harry"]
[Result "1/2-1/2"]
[WhiteElo "2423"]
[BlackElo "2459"]
[PlyCount "76"]
[EventDate "2006.??.??"]

1. d4 e6 2. Nf3 Nf6 3. c4 b6 4. a3 Bb7 5. Nc3 g6 6. Bf4 Bg7 7. e3 O-O 8. Be2 d6
9. h3 Ne4 10. Nxe4 Bxe4 11. O-O Nd7 12. b4 a5 13. b5 e5 14. Bh2 exd4 15. exd4
Qf6 16. Qd2 Rfe8 17. Rad1 h6 18. h4 Rad8 19. Qf4 Re7 20. Qxf6 Nxf6 21. c5 Bd5
22. Bd3 dxc5 23. dxc5 Bb3 24. Bc2 Rxd1 25. Bxd1 Bc4 26. Re1 Rxe1+ 27. Nxe1 Bf8
28. cxb6 cxb6 29. a4 Bc5 30. Bc2 Nd5 31. Be5 Nb4 32. Bd1 f5 33. g3 Kf7 34. Kg2
Bd5+ 35. Kf1 g5 36. h5 Bc4+ 37. Kg2 Bd5+ 38. Kf1 Bc4+ 1/2-1/2

[Event "Elit(LASK-Eksjo)"]
[Site "?"]
[Date "2006.??.??"]
[Round "7"]
[White "Vernersson, Per"]
[Black "Tikkanen, Hans"]
[Result "0-1"]
[WhiteElo "2522"]
[BlackElo "2426"]
[PlyCount "170"]
[EventDate "2006.??.??"]

1. Nf3 g6 2. d4 Bg7 3. e4 d6 4. Be2 Nf6 5. Nc3 O-O 6. O-O Nc6 7. h3 e5 8. dxe5
dxe5 9. Qxd8 Rxd8 10. Bg5 Be6 11. Rfd1 h6 12. Be3 a6 13. a3 Kf8 14. Rd3 Rxd3
15. cxd3 Rd8 16. Na4 Nd7 17. Rc1 Bb3 18. Bd1 Bxd1 19. Rxd1 Ke8 20. Kf1 f5 21.
Ke2 f4 22. Bd2 b5 23. Rc1 Ndb8 24. Nc5 Rd6 25. Nb7 Re6 26. Na5 g5 27. a4 Nxa5
28. Bxa5 c6 29. axb5 axb5 30. Bc3 c5 31. Ra1 Nc6 32. Ra8+ Kf7 33. Rc8 Kg6 34.
Rc7 Bf6 35. b3 b4 36. Bb2 Nd4+ 37. Bxd4 cxd4 38. Rb7 Be7 39. Nd2 Kf6 40. Nc4
Bc5 41. Rc7 Be7 42. Ra7 h5 43. Kf3 Bf8 44. Ra5 Be7 45. g3 Bf8 46. Kg2 Be7 47.
h4 fxg3 48. hxg5+ Kxg5 49. fxg3 Bf6 50. Kf3 Bg7 51. Rb5 Rf6+ 52. Kg2 Ra6 53.
Rxb4 Ra1 54. Rb7 Bf6 55. Kf3 Rf1+ 56. Ke2 Rg1 57. Rb8 Bg7 58. Rg8 Kh6 59. b4
Rxg3 60. b5 Rg1 61. Nd6 Kh7 62. Rb8 h4 63. Kf2 Rd1 64. Nf5 h3 65. Kg3 Rxd3+ 66.
Kh2 Bf6 67. Rb7+ Kg6 68. Ne7+ Bxe7 69. Rxe7 Kf6 70. Rh7 Rb3 71. b6 Kg5 72. b7
Kg4 73. Rg7+ Kf4 74. Rg3 Rxb7 75. Rxh3 Kxe4 76. Kg2 d3 77. Kf2 Rb2+ 78. Ke1 Kd4
79. Rh8 e4 80. Rh4 Ke3 81. Rh3+ Kf4 82. Rh4+ Kf3 83. Rh3+ Kg4 84. Re3 Kf4 85.
Rh3 e3 0-1

[Event "Elit(LASK-Eksjo)"]
[Site "?"]
[Date "2006.??.??"]
[Round "7"]
[White "Lund, Esben"]
[Black "Miskulin, Dennis"]
[Result "0-1"]
[WhiteElo "2340"]
[BlackElo "2299"]
[PlyCount "72"]
[EventDate "2006.??.??"]

1. d4 Nf6 2. c4 g6 3. Nc3 Bg7 4. e4 d6 5. Be2 O-O 6. Nf3 e5 7. O-O Nc6 8. d5
Ne7 9. Ne1 Nd7 10. Nd3 f5 11. Bd2 Nf6 12. f3 f4 13. c5 g5 14. Rc1 Ng6 15. cxd6
cxd6 16. Nb5 Rf7 17. Qc2 g4 18. Nc7 Rb8 19. Be1 Nf8 20. Bf2 b6 21. Nb4 g3 22.
hxg3 fxg3 23. Bxg3 Nh5 24. Bf2 Qg5 25. Ne6 Nxe6 26. dxe6 Bxe6 27. Bc4 Nf4 28.
g3 Rbf8 29. Rcd1 Kh8 30. Rxd6 Bxc4 31. Qxc4 Nh3+ 32. Kg2 Rxf3 33. Kxh3 Rxf2 34.
Rxf2 Rxf2 35. Qc8+ Bf8 36. Qe8 Rf3 0-1

[Event "Elit(LASK-Eksjo)"]
[Site "?"]
[Date "2006.??.??"]
[Round "7"]
[White "Rothen, Hakan"]
[Black "Semcesen, Daniel"]
[Result "0-1"]
[WhiteElo "2366"]
[BlackElo "2308"]
[PlyCount "84"]
[EventDate "2006.??.??"]

1. Nf3 d5 2. d4 Nf6 3. e3 c6 4. b3 Bf5 5. Bd3 Bxd3 6. Qxd3 e6 7. Nbd2 Nbd7 8.
Bb2 Be7 9. O-O O-O 10. c4 Rc8 11. e4 dxe4 12. Nxe4 Nxe4 13. Qxe4 Bf6 14. Ne5
Qc7 15. Rfd1 Rfd8 16. f4 g6 17. Rd3 Bg7 18. Rad1 b5 19. Qe2 bxc4 20. bxc4 Rb8
21. Bc3 Nf6 22. Qe1 Rdc8 23. g4 Re8 24. Bb4 Nd7 25. Rb3 c5 26. Ba5 Qd6 27. Bc3
cxd4 28. Bxd4 Nxe5 29. fxe5 Qc7 30. Qe2 Rbc8 31. Rc1 Red8 32. Qe4 Rd7 33. c5
Rcd8 34. Be3 Bxe5 35. Kg2 f5 36. Qa4 Bd4 37. Bg5 Bxc5 38. Rc2 Rd4 39. Qa6 Rxg4+
40. Kf3 Qe5 41. Qc6 Rxg5 42. Rxc5 Qe4+ 0-1

[Event "Elit(LASK-Eksjo)"]
[Site "?"]
[Date "2006.??.??"]
[Round "7"]
[White "Nilsson, Sebastian"]
[Black "Andersson, Johan"]
[Result "1-0"]
[WhiteElo "2252"]
[BlackElo "2237"]
[PlyCount "37"]
[EventDate "2006.??.??"]

1. e4 d6 2. d4 Nf6 3. Nc3 c6 4. f4 Qa5 5. Bd3 e5 6. Nf3 Bg4 7. Be3 exf4 8. Bf2
g6 9. Qd2 Bxf3 10. gxf3 Nh5 11. O-O-O Bg7 12. Rhg1 O-O 13. Kb1 Nd7 14. Qc1 c5
15. Rg5 h6 16. Rxh5 gxh5 17. Qxf4 Nb6 18. Rg1 Kh8 19. Qf5 1-0

[Event "Elit(LASK-Eksjo)"]
[Site "?"]
[Date "2006.??.??"]
[Round "7"]
[White "Thornert, Hakan"]
[Black "Johnson, Bjorn"]
[Result "1-0"]
[WhiteElo "2277"]
[BlackElo "2281"]
[PlyCount "129"]
[EventDate "2006.??.??"]

1. e4 e6 2. Nf3 d5 3. Nc3 Nf6 4. e5 Nfd7 5. d4 c5 6. dxc5 Nc6 7. Bf4 Bxc5 8.
Bd3 f6 9. exf6 Nxf6 10. Qe2 O-O 11. O-O-O Nh5 12. Bd2 Nf4 13. Bxf4 Rxf4 14. g3
Rf8 15. h4 Qe8 16. h5 Qe7 17. Rh4 Qf6 18. h6 gxh6 19. Rf4 Qg7 20. Rxf8+ Bxf8
21. Rh1 Nd4 22. Nxd4 Qxd4 23. Rh4 Qf6 24. Rf4 Qg5 25. Kb1 Bg7 26. a3 Bd7 27.
Bb5 e5 28. Rh4 Bc6 29. Rh5 Qf6 30. g4 Rf8 31. Rf5 Qd6 32. Rxf8+ Kxf8 33. Bxc6
bxc6 34. Qa6 Qd7 35. f3 Kg8 36. Na2 Bf8 37. Nc3 Bc5 38. Qd3 Be7 39. Ne2 Bh4 40.
Qe3 Qg7 41. Qb3 Qc7 42. c4 d4 43. Nc1 c5 44. Qd3 Qf7 45. Nb3 Be7 46. Nd2 h5 47.
gxh5 Qxh5 48. Ne4 Qh1+ 49. Ka2 Qe1 50. Qb3 Qf1 51. Ng3 Qh3 52. Qb8+ Kf7 53.
Qxe5 Qe6 54. Qf4+ Bf6 55. Kb3 Qe3+ 56. Qxe3 dxe3 57. Kc2 a5 58. b3 Ke6 59. Kd3
Bd4 60. Ke4 Kf6 61. b4 axb4 62. axb4 Be5 63. f4 Bd6 64. b5 Kg6 65. Kxe3 1-0

[Event "Elit(LASK-Eksjo)"]
[Site "?"]
[Date "2006.??.??"]
[Round "7"]
[White "Smith, Axel"]
[Black "Gustafsson, Fredrik"]
[Result "1/2-1/2"]
[WhiteElo "2164"]
[BlackElo "2209"]
[PlyCount "68"]
[EventDate "2006.??.??"]

1. e4 c5 2. Nf3 d6 3. d4 cxd4 4. Nxd4 Nf6 5. Nc3 g6 6. Be3 Bg7 7. f3 Nc6 8. Qd2
O-O 9. Bc4 Bd7 10. O-O-O b5 11. Nxc6 Bxc6 12. Bxb5 Bxb5 13. Nxb5 Qb8 14. Nd4
Qb7 15. Kb1 Rab8 16. Nb3 Rfc8 17. Bd4 Qb5 18. Bxa7 Ra8 19. Bd4 Rc4 20. Qd3 Qa4
21. Nc1 Rac8 22. c3 e5 23. b3 Qa3 24. bxc4 Rb8+ 25. Nb3 Rxb3+ 26. axb3 Qxb3+
27. Ka1 Qa3+ 28. Kb1 Qb3+ 29. Kc1 exd4 30. Qc2 Bh6+ 31. Rd2 Qxc3 32. Rhd1 Qa1+
33. Qb1 Qc3+ 34. Qc2 Qa1+ 1/2-1/2

[Event "Elit(Limhamn-Skara)"]
[Site "?"]
[Date "2006.??.??"]
[Round "7"]
[White "Winsnes, Rikard"]
[Black "Hector, Jonny"]
[Result "0-1"]
[WhiteElo "2510"]
[BlackElo "2609"]
[PlyCount "68"]
[EventDate "2006.??.??"]

1. e4 e5 2. Nf3 Nc6 3. Bb5 a6 4. Ba4 Nf6 5. O-O b5 6. Bb3 Bb7 7. d3 Bc5 8. a4
O-O 9. Nc3 Na5 10. axb5 Nxb3 11. cxb3 axb5 12. Rxa8 Bxa8 13. Nxe5 d5 14. Bg5
dxe4 15. dxe4 Qxd1 16. Rxd1 b4 17. Bxf6 bxc3 18. bxc3 gxf6 19. Nd7 Bd6 20. Nxf8
Kxf8 21. f3 h5 22. Kf2 h4 23. Ke3 Ke7 24. h3 Bb7 25. Ra1 f5 26. exf5 Kf6 27.
Ra4 Bg3 28. Ra5 Bc8 29. Ke4 Kg5 30. f4+ Kf6 31. Ra7 Bxf5+ 32. Kf3 Bc2 33. b4
Kf5 34. Rxc7 Bd1+ 0-1

[Event "Elit(Limhamn-Skara)"]
[Site "?"]
[Date "2006.??.??"]
[Round "7"]
[White "Brynell, Stellan"]
[Black "Hillarp-Persson, Tiger"]
[Result "1/2-1/2"]
[WhiteElo "2628"]
[BlackElo "2599"]
[PlyCount "60"]
[EventDate "2006.??.??"]

1. d4 d5 2. c4 c6 3. Nc3 Nf6 4. Nf3 e6 5. Bg5 h6 6. Bxf6 Qxf6 7. g3 dxc4 8. Bg2
Nd7 9. O-O Bb4 10. e3 O-O 11. Qe2 b5 12. Nd2 e5 13. Nxb5 cxb5 14. Bxa8 exd4 15.
exd4 Qxd4 16. Nf3 Qf6 17. a3 Bc5 18. Rfe1 Nb6 19. Be4 Na4 20. Rab1 Bb6 21. Ne5
Re8 22. Bd5 Bf5 23. Rbd1 Bd3 24. Qf3 Rxe5 25. Rxe5 Qxe5 26. Qxf7+ Kh7 27. Qg8+
Kg6 28. Qf7+ Kh7 29. Qg8+ Kg6 30. Qf7+ Kh7 1/2-1/2

[Event "Elit(Limhamn-Skara)"]
[Site "?"]
[Date "2006.??.??"]
[Round "7"]
[White "Djurhuus, Rune"]
[Black "Eriksson, Magnus"]
[Result "0-1"]
[WhiteElo "2598"]
[BlackElo "2431"]
[PlyCount "58"]
[EventDate "2006.??.??"]

1. e4 d6 2. d4 Nf6 3. Nc3 e5 4. Nge2 c6 5. a4 Be7 6. h3 O-O 7. Be3 exd4 8. Qxd4
d5 9. exd5 cxd5 10. Rd1 Nc6 11. Qf4 Re8 12. g4 Bd6 13. Qf3 Ne5 14. Qg2 Nc4 15.
g5 Nxe3 16. fxe3 Ne4 17. Rxd5 Nxc3 18. Nxc3 Rxe3+ 19. Kd2 Re5 20. Bd3 Be6 21.
Rxe5 Bxe5 22. Rf1 g6 23. h4 Qa5 24. Qxb7 Rc8 25. Kd1 Rb8 26. Qa6 Qc5 27. Ne4
Qe3 28. Nf6+ Bxf6 29. gxf6 Rxb2 0-1

[Event "Elit(Limhamn-Skara)"]
[Site "?"]
[Date "2006.??.??"]
[Round "7"]
[White "Schneider, Stefan"]
[Black "Andersson, Goran"]
[Result "1-0"]
[WhiteElo "2451"]
[BlackElo "2236"]
[PlyCount "59"]
[EventDate "2006.??.??"]

1. d4 Nf6 2. Nf3 g6 3. c4 Bg7 4. Nc3 d5 5. cxd5 Nxd5 6. e4 Nxc3 7. bxc3 c5 8.
Be3 Qa5 9. Qd2 O-O 10. Rc1 cxd4 11. cxd4 Qxd2+ 12. Nxd2 e6 13. Nb3 f5 14. f3
fxe4 15. fxe4 Nd7 16. Bd3 b6 17. Rc7 e5 18. Bc4+ Kh8 19. Bd5 Rb8 20. Rxa7 Nf6
21. O-O Nxd5 22. exd5 Rxf1+ 23. Kxf1 Bf5 24. d6 Rd8 25. Bg5 Rf8 26. Be7 Re8 27.
d7 Bxd7 28. Rxd7 exd4 29. Rd8 Rxd8 30. Bxd8 1-0

[Event "Elit(Limhamn-Skara)"]
[Site "?"]
[Date "2006.??.??"]
[Round "7"]
[White "Friberg, Hans"]
[Black "Jepson, Christian"]
[Result "0-1"]
[WhiteElo "2254"]
[BlackElo "2476"]
[PlyCount "72"]
[EventDate "2006.??.??"]

1. Nf3 d5 2. c4 e6 3. d4 Nf6 4. Nc3 Be7 5. Bg5 h6 6. Bh4 O-O 7. e3 b6 8. Bd3
Bb7 9. Bxf6 Bxf6 10. cxd5 exd5 11. O-O Qe7 12. Qb3 Rd8 13. Rad1 c5 14. Bb1 g6
15. Rfe1 c4 16. Qc2 Nc6 17. e4 dxe4 18. Rxe4 Qd7 19. Rf4 Nb4 20. Qe2 Bg7 21.
Qxc4 Nd5 22. Ne5 Rac8 23. Qb3 Bxe5 24. dxe5 Nxf4 25. Rxd7 Rxd7 26. g3 Ne6 27.
f4 Rd2 28. Bxg6 Bd5 29. Bxf7+ Kxf7 30. Qa4 Rc7 31. f5 Ng5 32. e6+ Kf8 33. Qb4+
Kg8 34. e7 Kf7 35. e8=Q+ Kxe8 36. Qa4+ Kf7 0-1

[Event "Elit(Limhamn-Skara)"]
[Site "?"]
[Date "2006.??.??"]
[Round "7"]
[White "Penalver, Osmani"]
[Black "Svensson, Sven"]
[Result "0-1"]
[WhiteElo "2235"]
[BlackElo "2275"]
[PlyCount "150"]
[EventDate "2006.??.??"]

1. d4 Nf6 2. c4 e6 3. Nc3 Bb4 4. f3 d5 5. a3 Bxc3+ 6. bxc3 c5 7. cxd5 Nxd5 8.
Qd3 b6 9. e4 Ba6 10. Qc2 Bxf1 11. Kxf1 Ne7 12. Ne2 Nbc6 13. Be3 cxd4 14. cxd4
Rc8 15. Qd3 O-O 16. Rd1 Qd6 17. g3 Rfd8 18. Kf2 Ne5 19. Qb5 Nc4 20. Bf4 Qd7 21.
Qb4 Na5 22. Bg5 f6 23. Be3 Rc4 24. Qb2 Rdc8 25. Rc1 Qa4 26. Rc3 Rxc3 27. Nxc3
Nc4 28. Qa1 Qxa3 29. Qxa3 Nxa3 30. Ne2 Kf7 31. Ra1 Nb5 32. Bd2 Rc6 33. Ke3 a5
34. Kd3 Nd6 35. Rb1 Nc4 36. Bc3 g5 37. h4 h6 38. hxg5 hxg5 39. Rb5 Nd6 40. Rb1
Ndc8 41. Bd2 Rd6 42. Nc3 Nc6 43. Nb5 Rd7 44. Rh1 Kg7 45. Rc1 N8e7 46. Ke3 Na7
47. Nc7 Kf7 48. Na8 Rb7 49. Rb1 Nac8 50. Rc1 Ke8 51. Nc7+ Kd7 52. Nb5 Nd6 53.
Na3 Rc7 54. Rb1 Nec8 55. Kd3 Kc6 56. f4 gxf4 57. Bxf4 Rh7 58. Rc1+ Kb7 59. e5
fxe5 60. dxe5 Nf5 61. Nb5 Rg7 62. Nd6+ Ncxd6 63. exd6 Nxd6 64. Ke3 Nf5+ 65. Kf3
a4 66. Be5 Rg6 67. Rb1 Ka6 68. g4 Ne7 69. Kg3 Nc6 70. Ba1 b5 71. Kh4 b4 72. Kh5
Rg8 73. Re1 e5 74. g5 b3 75. Bb2 Kb5 0-1

[Event "Elit(Limhamn-Skara)"]
[Site "?"]
[Date "2006.??.??"]
[Round "7"]
[White "Mohammadi, Amir"]
[Black "Nylen, Anders"]
[Result "1-0"]
[WhiteElo "2287"]
[BlackElo "2285"]
[PlyCount "87"]
[EventDate "2006.??.??"]

1. e4 c5 2. Nc3 d6 3. g3 Nc6 4. Bg2 g6 5. d3 Bg7 6. Be3 e6 7. Qd2 Nge7 8. Bh6
O-O 9. h4 f5 10. h5 Rf6 11. Bxg7 Kxg7 12. hxg6 Rxg6 13. Nf3 Kg8 14. O-O-O Nd4
15. Rh4 Rg7 16. Rdh1 Ng6 17. Rh5 Qf6 18. Qh6 f4 19. e5 dxe5 20. Ne4 Qe7 21. g4
Bd7 22. Nfg5 f3 23. Bxf3 Nxf3 24. Nxf3 Bc6 25. Nfg5 Bxe4 26. Nxe4 c4 27. dxc4
Rc8 28. c5 Rc7 29. Qe3 Qf7 30. Rxh7 Qf4 31. R7h6 Kf8 32. Ng5 Ke7 33. Rh7 Qxe3+
34. fxe3 Kf6 35. Ne4+ Kf7 36. Rf1+ Kg8 37. Nf6+ Kf8 38. Ne4+ Kg8 39. Rh6 Rcf7
40. Rd1 Nf8 41. Nf6+ Rxf6 42. Rxf6 Nd7 43. Rxe6 Nxc5 44. Rxe5 1-0

[Event "Elit(Limhamn-Skara)"]
[Site "?"]
[Date "2006.??.??"]
[Round "7"]
[White "Dragicevic, Drazen"]
[Black "Eklund, Lars-Goran"]
[Result "0-1"]
[WhiteElo "2298"]
[BlackElo "2330"]
[PlyCount "72"]
[EventDate "2006.??.??"]

1. e4 c5 2. Nf3 Nc6 3. d4 cxd4 4. Nxd4 Nf6 5. Nc3 e5 6. Ndb5 d6 7. Bg5 a6 8.
Na3 b5 9. Nd5 Qa5+ 10. Bd2 Qd8 11. Bg5 Qa5+ 12. Bd2 Qd8 13. Be3 Rb8 14. f3 Nxd5
15. exd5 Ne7 16. Qd2 Nf5 17. Bf2 Be7 18. c4 Bg5 19. Qb4 bxc4 20. Qc3 Bf6 21.
Nxc4 O-O 22. Qc2 Nh4 23. Bxh4 Bxh4+ 24. g3 Bg5 25. Be2 Bh3 26. Kf2 Qd7 27. Bf1
Qa7+ 28. Ke1 Bd7 29. Bd3 f5 30. Nxd6 e4 31. fxe4 fxe4 32. Nxe4 Rbe8 33. Qe2 Qd4
34. Rd1 Bg4 35. Qc2 Rxe4+ 36. Bxe4 Qe3+ 0-1

[Event "Elit(Sollentuna-SodraSASS)"]
[Site "?"]
[Date "2006.??.??"]
[Round "7"]
[White "Kulaots, Kaido"]
[Black "Ivanov, Sergej"]
[Result "1/2-1/2"]
[WhiteElo "2656"]
[BlackElo "2630"]
[PlyCount "89"]
[EventDate "2006.??.??"]

1. e4 e6 2. d4 d5 3. Nc3 Bb4 4. e5 c5 5. a3 Bxc3+ 6. bxc3 Ne7 7. Qg4 cxd4 8.
Qxg7 Rg8 9. Qxh7 Qc7 10. Ne2 Nbc6 11. f4 Bd7 12. Qd3 dxc3 13. Nxc3 a6 14. Rb1
Na5 15. h4 Nf5 16. Rh3 O-O-O 17. h5 Nc4 18. h6 Rg6 19. h7 Rh8 20. Qf3 Rg7 21.
g4 Ne7 22. Bd3 Ng6 23. Qh1 Ncxe5 24. fxe5 Qxc3+ 25. Kd1 Qd4 26. Rb4 Qa1 27.
Bxg6 fxg6 28. Rh2 Bc6 29. Qf3 Kd7 30. Qe3 Ke8 31. Qc5 Rgxh7 32. Rxh7 Rxh7 33.
Qd6 Rh1+ 34. Ke2 Re1+ 35. Kd3 Rd1+ 36. Ke2 Re1+ 37. Kd3 Qxc1 38. Qxe6+ Kd8 39.
Qd6+ Bd7 40. Qb8+ Bc8 41. Qd6+ Bd7 42. Qb6+ Ke7 43. Qf6+ Ke8 44. Qxg6+ Ke7 45.
Qf6+ 1/2-1/2